000 03180cam a22012014i 4500
003 PE-LiUPU
005 20250813185520.0
008 150625s r 000 0 d
020 _a9972221199
035 _a(Sirsi) i9789972221194
040 _aPE-LiUPU
_bspa
_cPE-LiUPU
_erda
049 _aPRUA
082 0 4 _a362.4
_bT76A
_221
100 1 _aTovar Samanez, Teresa,
_eautor.
245 1 0 _aAprender vida :
_bla educación de las personas con discapacidad /
_cTeresa Tovar Samanez y Patricia Fernández Castillo.
264 1 _aLima :
_bFondo editorial del Congreso del Perú,
_c2006.
300 _a200 páginas :
_bilustraciones ;
_c24 centímetros
336 _atext
_2rdacontent
337 _aunmediated
_2rdamedia
338 _avolume
_2rdacarrier
490 0 _aEstudios sobre discapacidad en el Perú ;
_v2
504 _aIncluye bibliografía.
505 0 _aEducación inclusiva, educación para la diversidad educación para todos. -Una mirada al universo de personas con discapacidad. -Marco legal nacional e internacional. -Planes sectoriales e intersectoriales. -Servicios y programas del Estado. -Iniciativas y experiencias de la sociedad civil. -Conclusiones y recomendaciones: siete retos de política educativa.
526 _aP202
526 _aP201
526 _aP163
526 _aP162
526 _aP161
526 _aP160
526 _aP148
526 _aP147
526 _aP146
526 _aP145
526 _aP144
526 _aP143
526 _aP142
526 _aP141
526 _aP140
526 _aP139
526 _aP138
526 _aP137
526 _aP136
526 _aP135
526 _aP134
526 _aP133
526 _aP129
526 _aP128
526 _aP127
526 _aP120
526 _aP119
526 _aP118
526 _aP116
526 _aP115
526 _aP114
526 _aP110
526 _aP109
526 _aP108
526 _aP104
526 _aP103
526 _aP102
526 _aP99
526 _aP98
526 _aP97
526 _aP96
526 _aP95
526 _aP93
526 _aP90
526 _aP89
526 _aP88
526 _aP83
526 _aP82
526 _aP62
526 _aP59
526 _aP58
526 _aP57
526 _aP51
526 _aP49
526 _aP48
526 _aP47
526 _aP29
526 _aP24
526 _aP20
526 _aP19
526 _aP17
526 _aP15
526 _aP14
526 _aP12
526 _aP10
526 _aP09
526 _aP08
526 _aP07
526 _aP06
526 _aP05
526 _aP04
526 _aP01
650 1 4 _aEducación especial
_zAmérica Latina.
650 2 4 _aEducación especial
_zPerú.
650 2 4 _aEducación especial
_xDerecho y legislación
_zAmérica Latina.
942 _2ddc
_cBOOK
949 _a362.4 T76A
_wDEWEY
_c1
_i56615
_d2016-4-25
_e2016-4-18
_lCCODEBUL1
_mBUL
_n3
_p12.00
_r0
_sY
_tBOOK
_u2015-6-25
_xEDUCACION
_zUNKNOWN
_0COMPRA
_o.STAFF. Colección General
999 _c45796
_d45796
980 _81
_gALBERTO SANCHEZ Responsable de Automatización